000 00649nam a2200205 4500
999 _c2943
_d2943
001 2943
003 BD-JhCC
005 20171108173146.0
008 171108b1964 bg ||||| |||| 00| 0 ben d
035 _a(BD-JhCC)
040 _aBD-JhCC
_dBD-JhCC
041 _aben
082 _a891.443
_bMIT 1964
100 _aমিত্র, গজেন্দকুমার
245 _aমনে ছিল আশা /
_cগজেন্দ্রকুমার মিত্র
260 _aঢাকা:
_bমেঘনা পাবলিকেশন;
_c১৯৬৪
300 _a১৬৪ পৃ.;
_c২০ সেমি
650 _aNovel
942 _2ddc
_cBK